000 00901cam a2200193 i 4500
005 20251218144416.0
008 250721s2003 jo gr 000 0 ara d
082 1 4 _a217.8
_bا ي و
100 1 _aأبو فارس، محمد عبد القادر
_eمؤلف.
245 1 0 _aفتاوى شرعية :
_bفي العبادات والمعاملات والأحوال الشخصية والسياسية الشرعية، الجهاد والقضية الفلسطينية، الجنايات والأمور الطبية /
_cالدكتور محمد عبد القادر أبو فارس.
250 _aالطبعة الأولى.
264 3 1 _aعمان :
_bدار الفرقان للنشر والتوزيع،
_c2003.
300 _a2 جزء.
650 1 7 _aالفقه الإسلامي.
650 1 7 _aالأحكام الشرعية.
650 1 7 _aالفتاوى.
942 _2ddc
_cBK
999 _c66019
_d66019